1976 1689 1518 1597 1780 1105 1818 1724 1317 1805 1451 1805 1231 1742 1544 1672 1850 1532 1611 1160 1114 1231 1042 1382 1438 1955 1346 1272 1472 1812 1523 1535 1845 1740 1195 1847 1166 1241 1031 1568 1811 1360 1282 1734 1646 1771 1028 1541 1372 1329 1180 1877 1252 1555 1742 1754 1646 1709 1746 1683 1988 1560 1759 1891 1380 1698 1394 1907 1693 1930 1584 1987 1798 1157 1138 1934 1293 1143 1593 1182 1252 1534 1454 1292 1901 1581 1906 1715 1264 1246 1713 1530 1673 1057 1707 1240 1118 1606 1214 BCNSPRNW ULIB Ver.6.0+V

เปลี่ยนเป็นภาษาไทย

Change to English
 แสดงรายละเอียดบรรณานุกรม
  กลับหน้าหลัก

Brief Record : Get Marc (ISO 2709) : E-mail record : QR code < ปิดหน้าต่าง
LEADER : 00000nam 2200000uu 4500
001    13399108830
003     ULIB
008    110315s2544||||th 000 0 tha d
020    9742942544
060 04 W84.6^bว282พ 2544
100 0  วนัสรา เชาวน์นิยม
245 10 ผลการดำเนินงานสาธารณสุขมูลฐานในภาคกลาง /^cวนัสรา เชาวน์นิยม,มาลี ทวีวุฒิอมร
250    พิมพ์ครั้งที่ 1
260    [กรุงเทพฯ] :^bศูนย์ฝึกอบรมและพัฒนาการสาธารณสุขมูลฐานภาคกลาง,^c2544
300    150 หน้า ;^c26 ซม.
650  7 สาธารณสุขมูลฐาน
650  7 สาธารณสุขมูลฐานในภาคกลาง
700 0  มาลี ทวีวุฒิอมร
710 2  ศูนย์ฝึกอบรมและพัฒนาการสาธารณสุขมูลฐาน ภาคกลาง
945    ^p0^l0^i015701
995    ทศพร
999 ^a ใช้งานได้ทุกระบบ
รายการนี้ยังไม่มีแท็ก
คุณยังไม่ได้ล็อกอิน คุณสามารถมีกิจกรรมร่วมกับเว็บไซต์ได้ แต่ต้องล็อกอินก่อน ::
  ล็อกอิน

รายการสื่อสารสนเทศ

ลำดับที่ ประเภท เลขเรียก/บาร์โค้ด สถานที่ สถานะ
- ไม่พบข้อมูล -

รายการใกล้เคียง
    ผู้แต่ง [วนัสรา เชาวน์นิยม]

    หัวเรื่อง [สาธารณสุขมูลฐาน]

BibComment


ยังไม่เคยถูกคอมเมนท์

คอมเมนท์ทรัพยากรรายการนี้
  คอมเมนท์: ผลการดำเนินงานสาธ..


 Copyright 2026. Bcnsprnw @Library